000 00286nam a2200121Ia 4500
005 20251222154330.0
008 251222s9999||||xx |||||||||||||| ||spa||
020 _a84-206-1613-3
082 _a868.9/A59
100 _a"Andújar, Manuel"
245 0 _aEl destino de Lázaro
942 _cLIB
999 _c34109
_d34109